Guess the Clash Royale Card #2 - Statistics

General Stats
  • This quiz has been taken 1,330 times
  • The average score is 17 of 20
Answer Stats
Picture Answer % Correct
Archers
99%
Balloon
90%
Mini Pekka
90%
Skeletons
89%
Barbarian Barrel
88%
Bomber
88%
Giant Snowball
86%
Goblin Gang
86%
Inferno Dragon
85%
Night Witch
84%
Battle Ram
83%
Firecracker
83%
Electro Giant
82%
Goblin Drill
81%
Mortar
81%
Royal Hogs
81%
Fire Spirit
79%
Ice Wizard
78%
Rascals
74%
Musketeer
73%
No matching quizzes found
Score Distribution
Percent of People with Each Score
Percentile by Number Answered
Your Score History
You have not taken this quiz